[Event "Asian-ch Seniors 50 zt 3.4"]
[Site "Chess.com INT"]
[Date "2020.07.16"]
[Round "5.9"]
[White "Kirichenko, Segey"]
[Black "Imanaliev, Taalaibek"]
[Result "0-1"]
[WhiteElo "1719"]
[BlackElo "2212"]
[PlyCount "74"]
[EventDate "2020.07.16"]
[EventType "swiss"]
[EventRounds "7"]
[EventCountry "UZB"]
[SourceTitle "EXT 2024"]
[Source "ChessBase"]
[SourceDate "2023.10.10"]
[SourceVersion "1"]
[SourceVersionDate "2023.10.10"]
[SourceQuality "1"]

1. d4 Nf6 2. Bf4 d6 3. Nf3 g6 4. c3 Bg7 5. Nbd2 0-0 6. e3 Nbd7 7. Bc4 c6 8. Bb3 a5 9. a4 b6 10. 0-0 Ba6 11. Re1 Qc7 12. h3 e5 13. dxe5 dxe5 14. Bh2 Rfe8 15. Qc2 Nc5 16. Ba2 Bd3 17. Qc1 Rad8 18. b4 Ncd7 19. Nc4 Nd5 20. Rd1 Be2 21. Rd4 Bxf3 22. gxf3 axb4 23. cxb4 Qa7 24. Rxd5 cxd5 25. Nd6 Re6 26. Nxf7 Kxf7 27. Bxd5 Nf6 28. Bb3 Qd7 29. Bxe5 Kf8 30. Bd4 Rc6 31. Qb2 Nh5 32. Rd1 Qe7 33. f4 Bxd4 34. Rxd4 Rxd4 35. Qxd4 Nf6 36. f3 Qd6 37. Qe4 Nxe4 0-1

[Event "Asian-ch Seniors 50 zt 3.4"]
[Site "Chess.com INT"]
[Date "2020.07.16"]
[Round "7.9"]
[White "Tusupbekov, Nurlan"]
[Black "Kirichenko, Segey"]
[Result "1-0"]
[WhiteElo "1496"]
[BlackElo "1719"]
[PlyCount "75"]
[EventDate "2020.07.16"]
[EventType "swiss"]
[EventRounds "7"]
[EventCountry "UZB"]
[SourceTitle "EXT 2024"]
[Source "ChessBase"]
[SourceDate "2023.10.10"]
[SourceVersion "1"]
[SourceVersionDate "2023.10.10"]
[SourceQuality "1"]

1. d4 Nf6 2. c4 g6 3. Nc3 Bg7 4. Nf3 0-0 5. e4 d6 6. Be2 e5 7. d5 a5 8. Bg5 h6 9. Be3 Nbd7 10. Nd2 Ne8 11. b3 Nc5 12. a3 Bd7 13. 0-0 f5 14. f3 f4 15. Bf2 g5 16. Qc2 h5 17. b4 axb4 18. axb4 Rxa1 19. Rxa1 Na6 20. Qb3 g4 21. c5 Qg5 22. c6 Bc8 23. b5 Nc5 24. Bxc5 dxc5 25. d6+ Kh8 26. d7 Nf6 27. dxc8Q Rxc8 28. cxb7 Rd8 29. Ra8 Nd7 30. Qf7 Nf8 31. Nd5 g3 32. Ne7 gxh2+ 33. Kh1 Bf6 34. Rxd8 Bxe7 35. Rxf8+ Bxf8 36. Qxf8+ Kh7 37. Qf7+ Kh8 38. b8Q+ 1-0